[Event "28PCR_F"]
[Site "?"]
[Date "2013.10.22"]
[Round "?"]
[White "Urban, Miroslav"]
[Black "Stepan, Josef"]
[Result "1-0"]
[WhiteElo "2398"]
[BlackElo "1748"]
[PlyCount "65"]
[EventDate "2013.??.??"]
[EventType "corr"]
[EventRounds "2"]
[SourceDate "2010.08.23"]

1. c4 e5 2. Nc3 Nf6 3. Nf3 Nc6 4. e3 Bb4 5. Qc2 O-O 6. Nd5 Re8 7. Qf5 d6 8.
Nxf6+ Qxf6 9. Qxf6 gxf6 10. a3 Ba5 11. b4 Bb6 12. Bb2 Bf5 13. g4 Be4 14. Ke2
Kh8 15. d3 Bxf3+ 16. Kxf3 Rg8 17. Rd1 a5 18. b5 Ne7 19. d4 Rad8 20. Bd3 c6 21.
c5 dxc5 22. dxe5 Bc7 23. exf6 Ng6 24. bxc6 bxc6 25. h4 Be5 26. Bxg6 Bxb2 27.
Bxf7 Rgf8 28. Rxd8 Rxd8 29. g5 Bxa3 30. e4 Bb2 31. Kf4 Rd4 32. Rb1 Rd2 33. e5
1-0

[Event "28PCR_F"]
[Site "?"]
[Date "2013.10.22"]
[Round "?"]
[White "Nevole, Milan"]
[Black "Vins, Karel"]
[Result "1-0"]
[WhiteElo "2388"]
[BlackElo "1781"]
[PlyCount "43"]
[EventDate "2013.??.??"]
[EventType "corr"]
[EventRounds "2"]
[SourceDate "2010.08.23"]

1. e4 c5 2. Nf3 Nc6 3. d4 cxd4 4. Nxd4 Nf6 5. Nc3 a6 6. Nxc6 dxc6 7. Qxd8+ Kxd8
8. Bf4 Nh5 9. O-O-O+ Ke8 10. Bc7 Be6 11. Kb1 g6 12. Na4 Rc8 13. Ba5 Ra8 14. Nc5
b5 15. Nxa6 Rc8 16. Nc7+ Rxc7 17. Bxc7 Bd7 18. Be2 e6 19. Bxh5 gxh5 20. Rd2 Ke7
21. Rhd1 Be8 22. Bd8# 1-0

[Event "28PCR_F"]
[Site "?"]
[Date "2013.10.22"]
[Round "?"]
[White "Postl, Rostislav"]
[Black "Kyzlink, Vladimir"]
[Result "1-0"]
[WhiteElo "2286"]
[BlackElo "2071"]
[PlyCount "51"]
[EventDate "2013.??.??"]
[EventType "corr"]
[EventRounds "2"]
[SourceDate "2010.08.23"]

1. d4 Nf6 2. Nf3 b6 3. g3 Bb7 4. Bg2 g6 5. O-O Bg7 6. c4 O-O 7. Nc3 c5 8. d5 d6
9. Bg5 Nbd7 10. h3 a6 11. a4 Re8 12. e4 Nh5 13. g4 Bxc3 14. bxc3 Nhf6 15. Nd2
Rb8 16. f4 Qc7 17. Qe1 Rbc8 18. Rb1 Ba8 19. Qg3 Rb8 20. e5 dxe5 21. fxe5 Nxe5
22. Bxf6 exf6 23. Ne4 Kg7 24. Nxf6 Re7 25. Qh4 Rh8 26. Nh5+ 1-0

[Event "28PCR_F"]
[Site "?"]
[Date "2013.10.22"]
[Round "?"]
[White "Smolka, Jan"]
[Black "Goc, Pavel"]
[Result "1/2-1/2"]
[WhiteElo "2223"]
[BlackElo "2071"]
[PlyCount "42"]
[EventDate "2013.??.??"]
[EventType "corr"]
[EventRounds "2"]
[SourceDate "2010.08.23"]

1. e4 e5 2. Nf3 Nc6 3. Bb5 a6 4. Bxc6 dxc6 5. O-O f6 6. d4 exd4 7. Nxd4 c5 8.
Ne2 Qxd1 9. Rxd1 Bd7 10. Nbc3 O-O-O 11. Be3 Bd6 12. Bf4 Be6 13. Rd2 Ne7 14.
Rad1 Bxf4 15. Nxf4 Rxd2 16. Rxd2 Bf7 17. Nfd5 Nc6 18. f3 Re8 19. Kf2 b5 20. a4
b4 21. Nd1 Ne5 1/2-1/2

[Event "28PCR_F"]
[Site "?"]
[Date "2013.10.22"]
[Round "?"]
[White "Chvojka, Jaroslav"]
[Black "Pressl, Ladislav"]
[Result "1-0"]
[WhiteElo "2199"]
[BlackElo "2155"]
[PlyCount "25"]
[EventDate "2013.??.??"]
[EventType "corr"]
[EventRounds "2"]
[SourceDate "2010.08.23"]

1. d4 Nf6 2. Nc3 d5 3. Bf4 c6 4. e3 Bf5 5. Bd3 Bxd3 6. cxd3 e6 7. Nf3 Bb4 8.
O-O c5 9. Nb5 a6 10. Nd6+ Ke7 11. a3 Ba5 12. Nxb7 Qb6 13. Nxc5 1-0

[Event "28PCR_F"]
[Site "?"]
[Date "2013.10.22"]
[Round "?"]
[White "Stepan, Josef"]
[Black "Pressl, Ladislav"]
[Result "1-0"]
[WhiteElo "1748"]
[BlackElo "2155"]
[PlyCount "27"]
[EventDate "2013.??.??"]
[EventType "corr"]
[EventRounds "2"]
[SourceDate "2010.08.23"]

1. e4 e5 2. Nf3 Nc6 3. Bb5 a6 4. Bxc6 dxc6 5. O-O Bd6 6. d4 Bg4 7. dxe5 Bxf3 8.
Qxf3 Bxe5 9. Nc3 Qh4 10. h3 Nf6 11. Re1 Rd8 12. Qf5 Qh5 13. g4 Qxf5 14. exf5
1-0

[Event "28PCR_F"]
[Site "?"]
[Date "2013.10.22"]
[Round "?"]
[White "Fejfar, Vlastimil"]
[Black "Chvojka, Jaroslav"]
[Result "0-1"]
[WhiteElo "2097"]
[BlackElo "2199"]
[PlyCount "56"]
[EventDate "2013.??.??"]
[EventType "corr"]
[EventRounds "2"]
[SourceDate "2010.08.23"]

1. e4 e5 2. f4 exf4 3. Nf3 g5 4. Bc4 Nc6 5. O-O h6 6. d4 d6 7. c3 Nf6 8. Qb3
Qd7 9. e5 dxe5 10. Bb5 Bd6 11. Nxe5 Bxe5 12. dxe5 Ng4 13. Re1 a6 14. Bxc6 Qxc6
15. Qb4 Be6 16. h3 a5 17. Qe4 Qxe4 18. Rxe4 O-O-O 19. Nd2 Ne3 20. Ra4 b6 21.
Kf2 Kb7 22. Nf3 Rd1 23. b3 Nc2 24. Rb1 Bf5 25. e6 Bd3 26. g3 fxe6 27. gxf4 b5
28. Rxa5 Rf1+ 0-1

[Event "28PCR_F"]
[Site "?"]
[Date "2013.10.22"]
[Round "?"]
[White "Kyzlink, Vladimir"]
[Black "Smolka, Jan"]
[Result "0-1"]
[WhiteElo "2071"]
[BlackElo "2223"]
[PlyCount "50"]
[EventDate "2013.??.??"]
[EventType "corr"]
[EventRounds "2"]
[SourceDate "2010.08.23"]

1. e4 e5 2. Nf3 Nc6 3. Bc4 Nf6 4. Ng5 d5 5. exd5 Na5 6. d3 h6 7. Nf3 e4 8. Qe2
Nxc4 9. dxc4 Bc5 10. h3 O-O 11. Nh2 Re8 12. O-O c6 13. dxc6 bxc6 14. Nc3 Qc7
15. Rd1 Bd6 16. Nf1 Be5 17. Bd2 Be6 18. Ne3 Red8 19. b4 Qc8 20. Kf1 Bxh3 21.
gxh3 Rxd2 22. Qxd2 Qxh3+ 23. Ke1 Qh1+ 24. Ke2 Qf3+ 25. Kf1 Nh5 0-1

[Event "28PCR_F"]
[Site "?"]
[Date "2013.10.22"]
[Round "?"]
[White "Vins, Karel"]
[Black "Postl, Rostislav"]
[Result "0-1"]
[WhiteElo "1781"]
[BlackElo "2286"]
[PlyCount "50"]
[EventDate "2013.??.??"]
[EventType "corr"]
[EventRounds "2"]
[SourceDate "2010.08.23"]

1. e4 e6 2. d4 d5 3. Nc3 Nf6 4. Bg5 Be7 5. e5 Nfd7 6. Bxe7 Qxe7 7. f4 a6 8. Nf3
c5 9. dxc5 Nc6 10. a3 Qxc5 11. Qd2 O-O 12. Bd3 f6 13. exf6 Nxf6 14. h3 Bd7 15.
O-O-O b5 16. Qe2 b4 17. Nb1 Nh5 18. Qe1 Nxf4 19. Qg1 d4 20. Ne1 Na5 21. Kd2
Rac8 22. g3 Nxd3 23. Kxd3 Bb5+ 24. Kd2 Qg5+ 25. Qe3 Qxe3# 0-1

[Event "28PCR_F"]
[Site "?"]
[Date "2013.10.22"]
[Round "?"]
[White "Urban, Miroslav"]
[Black "Nevole, Milan"]
[Result "1-0"]
[WhiteElo "2398"]
[BlackElo "2388"]
[PlyCount "69"]
[EventDate "2013.??.??"]
[EventType "corr"]
[EventRounds "2"]
[SourceDate "2010.08.23"]

1. c4 Nf6 2. Nf3 e6 3. Nc3 d5 4. cxd5 exd5 5. d4 c6 6. Bg5 h6 7. Bh4 Bf5 8. Qb3
Qb6 9. Qxb6 axb6 10. Bxf6 gxf6 11. e3 b5 12. Kd2 Rg8 13. Nh4 Be6 14. Bd3 Na6
15. a3 b6 16. g3 Nc7 17. Rhc1 Bd7 18. f3 Rg5 19. f4 Rg8 20. Bf5 Ne6 21. Kd3 Be7
22. b4 Rd8 23. Rcb1 Kf8 24. a4 bxa4 25. Nxa4 Rb8 26. b5 Bd8 27. bxc6 Bxc6 28.
Nc5 Ke7 29. Ra7+ Nc7 30. e4 Kf8 31. Nd7+ Bxd7 32. Bxd7 dxe4+ 33. Kxe4 b5 34.
Nf5 b4 35. d5 1-0

[Event "28PCR_F"]
[Site "?"]
[Date "2013.10.22"]
[Round "?"]
[White "Nevole, Milan"]
[Black "Stepan, Josef"]
[Result "1-0"]
[WhiteElo "2388"]
[BlackElo "1748"]
[PlyCount "39"]
[EventDate "2013.??.??"]
[EventType "corr"]
[EventRounds "2"]
[SourceDate "2010.08.23"]

1. e4 e6 2. d4 d5 3. Nd2 Be7 4. Bd3 Nf6 5. e5 Nfd7 6. Qg4 O-O 7. Nb3 g6 8. Nf3
c5 9. Nxc5 Nxc5 10. dxc5 Bxc5 11. O-O Nc6 12. Bh6 Re8 13. c3 a5 14. Qf4 Bf8 15.
Rfe1 b6 16. Bb5 Bd7 17. Rad1 Ne7 18. Bd3 Nc6 19. Ng5 Qe7 20. Qh4 1-0

[Event "28PCR_F"]
[Site "?"]
[Date "2013.10.22"]
[Round "?"]
[White "Postl, Rostislav"]
[Black "Urban, Miroslav"]
[Result "1/2-1/2"]
[WhiteElo "2286"]
[BlackElo "2398"]
[PlyCount "68"]
[EventDate "2013.??.??"]
[EventType "corr"]
[EventRounds "2"]
[SourceDate "2010.08.23"]

1. d4 Nf6 2. Nf3 b6 3. g3 Bb7 4. c4 e6 5. Bg2 Be7 6. O-O O-O 7. Nc3 Ne4 8. Qd3
Nxc3 9. Qxc3 c5 10. Bf4 d6 11. Qd3 Nc6 12. Rfd1 Bf6 13. Qa3 g5 14. Be5 h6 15.
Bxf6 Qxf6 16. Rd2 Na5 17. Rc1 e5 18. dxe5 dxe5 19. Qc3 Rad8 20. Rcd1 Rxd2 21.
Rxd2 Re8 22. Ne1 Kg7 23. Bxb7 Nxb7 24. Rd7 Re7 25. Rxe7 Qxe7 26. Nc2 Na5 27.
Ne3 Qe6 28. g4 Nc6 29. Nf5+ Kg6 30. h3 Nd4 31. Ng3 f5 32. Qd3 Kf6 33. gxf5 Nxf5
34. Ne4+ Kg7 1/2-1/2

[Event "28PCR_F"]
[Site "?"]
[Date "2013.10.22"]
[Round "?"]
[White "Smolka, Jan"]
[Black "Vins, Karel"]
[Result "1-0"]
[WhiteElo "2223"]
[BlackElo "1781"]
[PlyCount "53"]
[EventDate "2013.??.??"]
[EventType "corr"]
[EventRounds "2"]
[SourceDate "2010.08.23"]

1. e4 c5 2. Nc3 Nc6 3. f4 g6 4. Nf3 Bg7 5. Bb5 Nd4 6. O-O Nxb5 7. Nxb5 a6 8.
Nc3 d6 9. d3 e6 10. e5 d5 11. d4 c4 12. b3 b5 13. bxc4 bxc4 14. Rb1 Ne7 15. Qd2
Bd7 16. Ba3 O-O 17. Rb2 Re8 18. Rfb1 Nc6 19. Rb6 Bf8 20. Bxf8 Rxf8 21. Nd1 Qe7
22. Ne3 Rfb8 23. Ng4 Rxb6 24. Rxb6 Nd8 25. f5 Bc8 26. Qh6 f6 27. Nxf6+ 1-0

[Event "28PCR_F"]
[Site "?"]
[Date "2013.10.22"]
[Round "?"]
[White "Chvojka, Jaroslav"]
[Black "Goc, Pavel"]
[Result "1/2-1/2"]
[WhiteElo "2199"]
[BlackElo "2071"]
[PlyCount "101"]
[EventDate "2013.??.??"]
[EventType "corr"]
[EventRounds "2"]
[SourceDate "2010.08.23"]

1. d4 Nf6 2. Nc3 d5 3. Bf4 Bf5 4. e3 e6 5. Bd3 c6 6. h3 Bxd3 7. cxd3 Bd6 8.
Bxd6 Qxd6 9. Nf3 O-O 10. e4 Qb4 11. Qc2 Rd8 12. O-O Nbd7 13. a3 Qe7 14. e5 Ne8
15. b4 b6 16. Rfc1 Rdc8 17. Qb2 a5 18. b5 cxb5 19. Nxb5 Nf8 20. h4 Ng6 21. h5
Nh4 22. Nxh4 Rxc1+ 23. Qxc1 Qxh4 24. Qc6 Rb8 25. Nd6 Qd8 26. Rc1 Kf8 27. a4 Qe7
28. g3 h6 29. Kh1 Kg8 30. Nc8 Qd8 31. Kg2 Kh7 32. Nd6 Qe7 33. Rb1 Nxd6 34. exd6
Qb7 35. Qxb7 Rxb7 36. Rc1 Rb8 37. Rc7 Rd8 38. Rc6 Rb8 39. Kf3 g5 40. d7 Rd8 41.
Rxb6 Rxd7 42. Ra6 Rb7 43. Rxa5 Kg7 44. Ra8 g4+ 45. Kxg4 Rb3 46. Kf4 Rxd3 47.
Ke5 Rf3 48. a5 Rxf2 49. a6 Ra2 50. Kd6 Kf6 51. g4 1/2-1/2

[Event "28PCR_F"]
[Site "?"]
[Date "2013.10.22"]
[Round "?"]
[White "Pressl, Ladislav"]
[Black "Fejfar, Vlastimil"]
[Result "0-1"]
[WhiteElo "2155"]
[BlackElo "2097"]
[PlyCount "86"]
[EventDate "2013.??.??"]
[EventType "corr"]
[EventRounds "2"]
[SourceDate "2010.08.23"]

1. d4 Nf6 2. c4 e6 3. Nc3 c5 4. d5 exd5 5. cxd5 d6 6. Nf3 Be7 7. e4 O-O 8. h3
Nbd7 9. Bb5 a6 10. Bd3 b5 11. O-O Bb7 12. Be3 Rc8 13. Rc1 Re8 14. Re1 c4 15.
Bc2 Nc5 16. Bf4 b4 17. Na4 b3 18. axb3 cxb3 19. Bxb3 Ncxe4 20. Nc3 Nxc3 21.
Rxc3 Rxc3 22. bxc3 Bf8 23. Rxe8 Qxe8 24. c4 Qe4 25. Bg5 Be7 26. Qc2 Qxc2 27.
Bxc2 Kf8 28. Bd2 Nd7 29. Nd4 Ne5 30. Bb3 g6 31. Bc3 Ke8 32. f4 Nd3 33. Ne2 Kd7
34. Bc2 Nc5 35. g4 Kc7 36. Ba5+ Kc8 37. Bc3 Bd8 38. Kg2 a5 39. Nd4 Bf6 40. Nb5
Bxc3 41. Nxc3 Ba6 42. Nb5 Bxb5 43. cxb5 a4 0-1

[Event "28PCR_F"]
[Site "?"]
[Date "2013.10.22"]
[Round "?"]
[White "Stepan, Josef"]
[Black "Fejfar, Vlastimil"]
[Result "0-1"]
[WhiteElo "1748"]
[BlackElo "2097"]
[PlyCount "58"]
[EventDate "2013.??.??"]
[EventType "corr"]
[EventRounds "2"]
[SourceDate "2010.08.23"]

1. d4 Nf6 2. Nc3 d5 3. Bg5 c6 4. Bxf6 exf6 5. e3 Bb4 6. Nge2 O-O 7. a3 Bxc3+ 8.
Nxc3 Re8 9. Bd3 Be6 10. Qd2 Nd7 11. O-O f5 12. Ne2 Nf6 13. Nf4 Ne4 14. Qe2 Qg5
15. Nxe6 Rxe6 16. c4 dxc4 17. Bxc4 Rg6 18. f3 Nd6 19. Bd3 Re8 20. f4 Qe7 21.
Rf3 Re6 22. Kf2 Ne4+ 23. Kg1 c5 24. Bc4 Rd6 25. Rd1 Red8 26. Qd3 cxd4 27. Qb3
d3 28. Qb4 d2 29. Bd3 a5 0-1

[Event "28PCR_F"]
[Site "?"]
[Date "2013.10.22"]
[Round "?"]
[White "Goc, Pavel"]
[Black "Pressl, Ladislav"]
[Result "1-0"]
[WhiteElo "2071"]
[BlackElo "2155"]
[PlyCount "41"]
[EventDate "2013.??.??"]
[EventType "corr"]
[EventRounds "2"]
[SourceDate "2010.08.23"]

1. d4 c6 2. e4 d5 3. e5 Bf5 4. Ne2 e6 5. Ng3 Bg6 6. h4 h6 7. h5 Bh7 8. Bd3 Bxd3
9. Qxd3 Ne7 10. O-O g6 11. hxg6 Nxg6 12. Be3 h5 13. Qe2 Qh4 14. c4 dxc4 15. Nd2
b5 16. Nde4 Be7 17. f4 Nd7 18. f5 exf5 19. Nd6+ Bxd6 20. Nxf5 Qg4 21. Nxd6+ 1-0

[Event "28PCR_F"]
[Site "?"]
[Date "2013.10.22"]
[Round "?"]
[White "Kyzlink, Vladimir"]
[Black "Chvojka, Jaroslav"]
[Result "0-1"]
[WhiteElo "2071"]
[BlackElo "2199"]
[PlyCount "44"]
[EventDate "2013.??.??"]
[EventType "corr"]
[EventRounds "2"]
[SourceDate "2010.08.23"]

1. e4 e5 2. Nf3 Nc6 3. Bc4 Bc5 4. c3 Nf6 5. b4 Be7 6. O-O Nxe4 7. Bd5 Nf6 8.
Bxc6 dxc6 9. Nxe5 O-O 10. Re1 a5 11. bxa5 Rxa5 12. d4 c5 13. Ba3 Be6 14. Qd2
Nd7 15. Nxd7 Qxd7 16. Bxc5 Bxc5 17. dxc5 Qc6 18. Re3 Rfa8 19. Rd3 f6 20. Rd8+
Rxd8 21. Qxd8+ Kf7 22. Qd3 Rxc5 0-1

[Event "28PCR_F"]
[Site "?"]
[Date "2013.10.22"]
[Round "?"]
[White "Urban, Miroslav"]
[Black "Smolka, Jan"]
[Result "1/2-1/2"]
[WhiteElo "2398"]
[BlackElo "2223"]
[PlyCount "54"]
[EventDate "2013.??.??"]
[EventType "corr"]
[EventRounds "2"]
[SourceDate "2010.08.23"]

1. c4 e5 2. Nc3 Nf6 3. Nf3 Nc6 4. e3 Bb4 5. Qc2 Bxc3 6. Qxc3 Qe7 7. d4 exd4 8.
Nxd4 Nxd4 9. Qxd4 c5 10. Qd2 O-O 11. Bd3 d5 12. O-O dxc4 13. Bxc4 Be6 14. Be2
Bf5 15. f3 Rfd8 16. Qe1 Bd3 17. e4 Qe5 18. Qf2 b6 19. Rd1 Bxe2 20. Qxe2 Rxd1+
21. Qxd1 h6 22. a4 c4 23. Qe2 Rd8 24. Be3 c3 25. bxc3 Qxc3 26. Qe1 Qxe1+ 27.
Rxe1 Rd3 1/2-1/2

[Event "28PCR_F"]
[Site "?"]
[Date "2013.10.22"]
[Round "?"]
[White "Nevole, Milan"]
[Black "Postl, Rostislav"]
[Result "0-1"]
[WhiteElo "2388"]
[BlackElo "2286"]
[PlyCount "68"]
[EventDate "2013.??.??"]
[EventType "corr"]
[EventRounds "2"]
[SourceDate "2010.08.23"]

1. d4 d5 2. c4 c6 3. Nc3 dxc4 4. e3 b5 5. a4 b4 6. Ne4 Qd5 7. Nd2 c3 8. bxc3
bxc3 9. Ndf3 Nf6 10. Bd3 e5 11. dxe5 Ng4 12. Ne2 Nxe5 13. Nxe5 Bb4 14. Qc2 Qxe5
15. O-O a5 16. e4 Nd7 17. Be3 Nc5 18. Bd4 Qg5 19. f4 Qe7 20. Rad1 O-O 21. f5
Rd8 22. f6 Qe6 23. e5 Nxd3 24. Rxd3 Qc4 25. Rg3 g6 26. Bxc3 Rd5 27. Rf4 Bc5+
28. Kf1 Qa6 29. Rh4 Rb8 30. Qc1 Qa7 31. e6 Ba6 32. Rf3 Rbd8 33. Qc2 Rd1+ 34.
Be1 R8d2 0-1

[Event "28PCR_F"]
[Site "?"]
[Date "2013.10.22"]
[Round "?"]
[White "Postl, Rostislav"]
[Black "Stepan, Josef"]
[Result "1-0"]
[WhiteElo "2286"]
[BlackElo "1748"]
[PlyCount "49"]
[EventDate "2013.??.??"]
[EventType "corr"]
[EventRounds "2"]
[SourceDate "2010.08.23"]

1. d4 d5 2. Nf3 e6 3. c4 Nf6 4. Nc3 Be7 5. Bf4 O-O 6. e3 Nbd7 7. Qc2 c5 8. Rd1
Qa5 9. Nd2 cxd4 10. exd4 Bb4 11. Bd3 Bxc3 12. bxc3 dxc4 13. Nxc4 Qd5 14. O-O b5
15. Nd6 Bb7 16. Nxb7 Qxb7 17. Rb1 a6 18. a4 g6 19. axb5 axb5 20. Rxb5 Qc6 21.
c4 Ra6 22. Rfb1 Rb6 23. c5 Rxb5 24. Bxb5 Qd5 25. c6 1-0

[Event "28PCR_F"]
[Site "?"]
[Date "2013.10.22"]
[Round "?"]
[White "Smolka, Jan"]
[Black "Nevole, Milan"]
[Result "1/2-1/2"]
[WhiteElo "2223"]
[BlackElo "2388"]
[PlyCount "67"]
[EventDate "2013.??.??"]
[EventType "corr"]
[EventRounds "2"]
[SourceDate "2010.08.23"]

1. e4 c5 2. Nc3 Nc6 3. f4 e6 4. Nf3 Nge7 5. d4 cxd4 6. Nxd4 Nxd4 7. Qxd4 Nc6 8.
Qf2 d5 9. Bd3 d4 10. Nb1 Nb4 11. Nd2 Bd7 12. O-O Nxd3 13. cxd3 Rc8 14. Nf3 Bb5
15. Rd1 Bc5 16. b3 Qd6 17. Bb2 O-O 18. Bxd4 Bxd4 19. Nxd4 Ba6 20. Nc2 Rc3 21.
e5 Qd7 22. Nb4 Qb5 23. Qd4 Rfc8 24. f5 R3c5 25. fxe6 fxe6 26. Qd6 Rxe5 27. Re1
Qc5+ 28. Qxc5 Rexc5 29. Nxa6 bxa6 30. Rxe6 Rc2 31. Rxa6 R8c7 32. Ra4 Rd2 33.
Rc4 Rd7 34. Re4 1/2-1/2

[Event "28PCR_F"]
[Site "?"]
[Date "2013.10.22"]
[Round "?"]
[White "Chvojka, Jaroslav"]
[Black "Vins, Karel"]
[Result "1-0"]
[WhiteElo "2199"]
[BlackElo "1781"]
[PlyCount "29"]
[EventDate "2013.??.??"]
[EventType "corr"]
[EventRounds "2"]
[SourceDate "2010.08.23"]

1. d4 d5 2. Nf3 e6 3. Bf4 Nc6 4. e3 Nf6 5. Nc3 a6 6. Bd3 Bd6 7. Ne5 Bd7 8. Qe2
g6 9. Qf3 Be7 10. O-O-O Nh5 11. Nxf7 Qc8 12. Nxh8 Ng7 13. Qh3 Nh5 14. Nxg6 Nxf4
15. Nxf4 1-0

[Event "28PCR_F"]
[Site "?"]
[Date "2013.10.22"]
[Round "?"]
[White "Pressl, Ladislav"]
[Black "Kyzlink, Vladimir"]
[Result "1/2-1/2"]
[WhiteElo "2155"]
[BlackElo "2071"]
[PlyCount "63"]
[EventDate "2013.??.??"]
[EventType "corr"]
[EventRounds "2"]
[SourceDate "2010.08.23"]

1. e4 e5 2. Nf3 Nc6 3. Bb5 a6 4. Ba4 Nf6 5. O-O b5 6. Bb3 Be7 7. a4 b4 8. Bd5
O-O 9. Bxc6 dxc6 10. Nxe5 Qd6 11. Nc4 Qc5 12. d3 Nxe4 13. Be3 Qd5 14. f3 Nc5
15. Re1 Bf6 16. Nbd2 b3 17. Ne4 bxc2 18. Qxc2 Bd4 19. Nxc5 Qxc5 20. Rac1 Rb8
21. Qf2 Bxe3 22. Rxe3 Be6 23. Rc2 Qb4 24. Ne5 Qxa4 25. Rxc6 Qa1+ 26. Re1 Qxb2
27. Rxc7 Qxf2+ 28. Kxf2 Ra8 29. Ra1 f6 30. Nc6 Rf7 31. Rxf7 Kxf7 32. d4 1/2-1/2

[Event "28PCR_F"]
[Site "?"]
[Date "2013.10.22"]
[Round "?"]
[White "Fejfar, Vlastimil"]
[Black "Goc, Pavel"]
[Result "1-0"]
[WhiteElo "2097"]
[BlackElo "2071"]
[PlyCount "101"]
[EventDate "2013.??.??"]
[EventType "corr"]
[EventRounds "2"]
[SourceDate "2010.08.23"]

1. e4 e5 2. Bc4 Bc5 3. Nf3 Nc6 4. b4 Bxb4 5. c3 Ba5 6. d4 exd4 7. Qb3 Qe7 8.
O-O Bb6 9. cxd4 Nxd4 10. Nxd4 Bxd4 11. Nc3 Nf6 12. Ba3 d6 13. Rad1 Bxc3 14.
Qxc3 Qe5 15. Qc1 O-O 16. Bb2 Qe7 17. e5 Ne8 18. Bd5 dxe5 19. Rfe1 Be6 20. Rxe5
Rd8 21. Rde1 Rxd5 22. Rxd5 b6 23. f4 Qh4 24. g3 Qg4 25. Rde5 c5 26. Qd2 Bd7 27.
Rg5 Qh3 28. f5 Bb5 29. Qc3 f6 30. Qb3+ Kh8 31. Qxb5 fxg5 32. Rxe8 Qxf5 33.
Rxf8+ Qxf8 34. Qd7 c4 35. Bd4 h5 36. Qxa7 b5 37. a3 h4 38. Qb7 hxg3 39. hxg3 c3
40. Qc7 c2 41. Be5 g4 42. Bb2 Kg8 43. Qxc2 Qf3 44. Qc3 Qd1+ 45. Kf2 Qd7 46. Ke3
Qf7 47. Qe5 Kh7 48. Qxb5 Qf3+ 49. Kd4 Qxg3 50. Qd3+ Qxd3+ 51. Kxd3 1-0

[Event "28PCR_F"]
[Site "?"]
[Date "2013.10.22"]
[Round "?"]
[White "Stepan, Josef"]
[Black "Goc, Pavel"]
[Result "0-1"]
[WhiteElo "1748"]
[BlackElo "2071"]
[PlyCount "46"]
[EventDate "2013.??.??"]
[EventType "corr"]
[EventRounds "2"]
[SourceDate "2010.08.23"]

1. d4 Nf6 2. c4 e6 3. Nf3 b6 4. g3 Bb7 5. Bg2 Be7 6. Nc3 Ne4 7. Qc2 Nxc3 8.
Qxc3 f5 9. Bf4 O-O 10. O-O g5 11. Bd2 g4 12. Ne5 Bxg2 13. Kxg2 d6 14. Nd3 c5
15. dxc5 Bf6 16. Qc2 bxc5 17. Nf4 Qe8 18. Bc3 Nc6 19. Bxf6 Rxf6 20. Rad1 Nd4
21. Qd3 e5 22. Nd5 Rh6 23. e3 Rxh2+ 0-1

[Event "28PCR_F"]
[Site "?"]
[Date "2013.10.22"]
[Round "?"]
[White "Kyzlink, Vladimir"]
[Black "Fejfar, Vlastimil"]
[Result "0-1"]
[WhiteElo "2071"]
[BlackElo "2097"]
[PlyCount "42"]
[EventDate "2013.??.??"]
[EventType "corr"]
[EventRounds "2"]
[SourceDate "2010.08.23"]

1. e4 e5 2. Nf3 Nc6 3. Bc4 Nf6 4. Ng5 Bc5 5. Bxf7+ Ke7 6. Bb3 Rf8 7. O-O d6 8.
Nc3 Qe8 9. Nd5+ Kd8 10. c3 h6 11. d4 exd4 12. Nxf6 Rxf6 13. e5 Rf8 14. Ne4 Bb6
15. Ba4 Qxe5 16. Re1 dxc3 17. bxc3 Bg4 18. Qd2 Kd7 19. Ba3 Qf4 20. Qxf4 Rxf4
21. Bc1 Bxf2+ 0-1

[Event "28PCR_F"]
[Site "?"]
[Date "2013.10.22"]
[Round "?"]
[White "Vins, Karel"]
[Black "Pressl, Ladislav"]
[Result "0-1"]
[WhiteElo "1781"]
[BlackElo "2155"]
[PlyCount "98"]
[EventDate "2013.??.??"]
[EventType "corr"]
[EventRounds "2"]
[SourceDate "2010.08.23"]

1. e4 c6 2. d4 d5 3. Nc3 dxe4 4. Nxe4 Bf5 5. Ng3 Bg6 6. Nf3 h6 7. Bd3 Bxd3 8.
Qxd3 Nf6 9. O-O e6 10. b3 Bd6 11. Ne4 Nxe4 12. Qxe4 Nd7 13. Qg4 Qf6 14. Be3
O-O-O 15. c4 h5 16. Qe4 Qe7 17. Rfd1 Nf6 18. Qc2 Ng4 19. g3 Nxe3 20. fxe3 g5
21. c5 Bc7 22. b4 h4 23. g4 f6 24. e4 Rhf8 25. Re1 e5 26. Rad1 exd4 27. Rxd4
Rxd4 28. Nxd4 Qd7 29. Nf5 Qe6 30. a4 Rd8 31. Re2 a5 32. b5 Qd7 33. b6 Qd1+ 34.
Kg2 Qxc2 35. Rxc2 Be5 36. h3 Rd3 37. Re2 Kd7 38. Rc2 Bf4 39. Rf2 Ra3 40. Rc2
Rxa4 41. Re2 Rc4 42. Ra2 Rxc5 43. Ra4 Ke6 44. Nd4+ Kd7 45. Nb3 Rb5 46. Nd4 Rb4
47. Rxa5 Rxd4 48. Ra7 Kc8 49. Ra8+ Bb8 0-1

[Event "28PCR_F"]
[Site "?"]
[Date "2013.10.22"]
[Round "?"]
[White "Urban, Miroslav"]
[Black "Chvojka, Jaroslav"]
[Result "1/2-1/2"]
[WhiteElo "2398"]
[BlackElo "2199"]
[PlyCount "62"]
[EventDate "2013.??.??"]
[EventType "corr"]
[EventRounds "2"]
[SourceDate "2010.08.23"]

1. c4 e5 2. Nc3 Nc6 3. g3 Bc5 4. Bg2 Nf6 5. a3 d6 6. e3 O-O 7. b4 Bb6 8. Nge2
Ne7 9. O-O Be6 10. Qb3 c6 11. d4 exd4 12. Nxd4 Bxd4 13. exd4 b5 14. d5 bxc4 15.
Qxc4 Nfxd5 16. Nxd5 Bxd5 17. Bxd5 cxd5 18. Qd3 Qd7 19. Re1 Rac8 20. Bb2 Rc7 21.
Rad1 f6 22. Rd2 Rfc8 23. Qb3 Kf8 24. Qf3 Kg8 25. Qd1 Kf8 26. Qb1 h6 27. Kg2 Qg4
28. h3 Qg5 29. Qd3 h5 30. Bd4 Qg6 31. Qa6 Nf5 1/2-1/2

[Event "28PCR_F"]
[Site "?"]
[Date "2013.10.22"]
[Round "?"]
[White "Postl, Rostislav"]
[Black "Smolka, Jan"]
[Result "1-0"]
[WhiteElo "2286"]
[BlackElo "2223"]
[PlyCount "87"]
[EventDate "2013.??.??"]
[EventType "corr"]
[EventRounds "2"]
[SourceDate "2010.08.23"]

1. d4 Nf6 2. Nf3 d5 3. c4 e6 4. Bg5 Be7 5. e3 Nbd7 6. Nc3 O-O 7. Rc1 c6 8. Bd3
dxc4 9. Bxc4 Nd5 10. Bxe7 Qxe7 11. O-O Nxc3 12. Rxc3 e5 13. Qc2 e4 14. Nd2 Nf6
15. Rc1 Kh8 16. h3 h6 17. Ra3 b6 18. Ba6 Bxa6 19. Rxa6 Rfc8 20. Ra4 Rc7 21. Rc4
Rac8 22. b4 b5 23. Rc5 Nd7 24. Rc3 f5 25. a4 a6 26. Nb3 Nb6 27. Nc5 Ra7 28.
Nxa6 Rxa6 29. axb5 Raa8 30. bxc6 Nd5 31. b5 Nxc3 32. Qxc3 Qc7 33. d5 Rab8 34.
Qc5 Rd8 35. Rb1 Rb6 36. g3 Kh7 37. Kg2 h5 38. Rd1 Rd6 39. h4 g5 40. Ra1 gxh4
41. Ra8 Kg6 42. Qd4 Rxb5 43. Rg8+ Kh6 44. Qe5 1-0

[Event "28PCR_F"]
[Site "?"]
[Date "2013.10.22"]
[Round "?"]
[White "Smolka, Jan"]
[Black "Stepan, Josef"]
[Result "1-0"]
[WhiteElo "2223"]
[BlackElo "1748"]
[PlyCount "75"]
[EventDate "2013.??.??"]
[EventType "corr"]
[EventRounds "2"]
[SourceDate "2010.08.23"]

1. e4 c6 2. d4 d5 3. exd5 cxd5 4. Bd3 Nc6 5. c3 Nf6 6. Bf4 Bg4 7. Qb3 Qc8 8.
Nd2 e6 9. Ngf3 Be7 10. O-O O-O 11. Qc2 Bh5 12. Ne5 Bg6 13. Nxg6 fxg6 14. Nf3
Nh5 15. Be5 Nxe5 16. Nxe5 Nf4 17. Rfe1 Nxd3 18. Nxd3 Bd6 19. Re3 Qd7 20. Rae1
Rae8 21. g3 Rf6 22. c4 Rc8 23. c5 b6 24. b4 Bb8 25. f4 Qf7 26. Qe2 Re8 27. c6
Qe7 28. b5 Kf7 29. a3 Bd6 30. Nf2 g5 31. fxg5 Rf5 32. Nh3 Kf8 33. Rxe6 Qxe6 34.
Qxe6 Rxe6 35. Rxe6 Bc7 36. Kg2 g6 37. Re2 Bd6 38. Nf4 1-0